000 005340000a22001810004500
001 768714001
003 CO-MdFUSB
005 20170502170609.0
008 170502s1995 sp ||||| |||| 00| 0 spa d
040 _aCO-MdFUSB
_bspa
_cCO-MdFUSB
_dCO-MdFUSB
041 _aspa
100 1 _aStott, John R. W.
_eautor
245 1 0 _aJesús, el buen pastor
300 _aVolumen 1, (1995) Páginas 47 - 60
_c21 cm.
546 _aTexto en español
773 0 _tAndamio
_049451
_960443
_gVolumen 1, (1995) Páginas 47 - 60
_qPágina 47
942 _cANA
999 _c49709
_d49709